Tratado de la prueba en materia criminal /
Guardado en:
| Autor Principal: | |
|---|---|
| Formato: | Libro |
| Idioma: | Spanish |
| Publicado: |
Madrid :
Imprenta de la revista de legislación,
1877
|
| Edición: | 3a. ed. |
| Materias: | |
| Etiquetas: |
Agregar Etiqueta
Sin Etiquetas, Sea el primero en etiquetar este registro!
|
| LEADER | 00435nam a22001335a 4500 | ||
|---|---|---|---|
| 001 | DER.der001029 | ||
| 008 | 180615s1877####|||||||||||||||||#||spa|| | ||
| 005 | 20260127130709.0 | ||
| 245 | 1 | 0 | |a Tratado de la prueba en materia criminal / |c C. J. A. Mittermaier |
| 250 | |a 3a. ed. | ||
| 260 | |a Madrid : |b Imprenta de la revista de legislación, |c 1877 | ||
| 100 | 1 | |a Mittermaier, C. J. A. | |
| 650 | 7 | |a CRIMINOLOGÍA | |
| 859 | |a DERECHO |b BIB. DERECHO |h 347 |i MIT |p 001718 | ||
